Top 10 Chess Players In The World - Statistics

General Stats
  • This quiz has been taken 19 times
  • The average score is 7 of 10
Answer Stats
Ranking Player Country % Correct
2 Hikaru Nakamura USA
100%
1 Magnus Carlsen Norway
100%
3 Fabiano Caruana USA
82%
6 Alireza Firouzja France
59%
7 Anish Giri Netherlands
59%
4 Arjun Erigaisi India
59%
5 Praggnanandhaa Rameshbabu India
59%
8 Wesley So USA
53%
9 Vincent Keymer Germany
47%
10 Wei Yi China
35%
No matching quizzes found
Score Distribution
Percent of People with Each Score
Percentile by Number Answered
Your Score History
You have not taken this quiz